000 00809nam a22002177a 4500
999 _c17544
_d17544
003 AR-CdUCM
008 190508b ||||| |||| 00| 0 spa d
040 _aMUNICIPALIDAD PROVINCIAL DEL CUSCO
_cBIBLIOTECA MUNICIPAL DEL CUSCO
082 _a985 /
_bC27
100 _aCapuñay, Manuel A.
_937616
245 _aLeguia Vida y obra del constructor del gran Perú 7
260 _aLima :
_bTalleres de Enrique Bustamante y Ballivian,
_c1951.
300 _a279 paginas ;
_c21 cm.
505 _aContenido :El hombre -- Mensaje de la infancia -- Sugerencia-- El periodismo de la época -- Principio de gobierno...
650 _aGobiernos sucesivos
_937617
650 _aEl gobierno
_937618
650 _aLos partidos
_937619
650 _aEl congreso
_937620
942 _2ddc
_cLIBROS
945 _awnts
_d2019-05-08